Loading...
| Science - Biology | 0 | 2 | 0 | 1 | 20 | 111 | 112.50 | 0 | 0 | 0.34 | 2.50 |
| Fine Arts - Visual | 0 | 1 | 0 | 0 | 10 | 110 | 110.00 | 0 | 1 | 6.38 | 16.50 |
| Literature - British | 0 | 1 | 0 | 0 | 10 | 126 | 126.00 | 0 | 0 | 2.44 | 9.50 |
| Literature - World/Other | 0 | 1 | 0 | 0 | 10 | 97 | 97.00 | 0 | 1 | 1.61 | 5.50 |
| Mythology | 0 | 1 | 0 | 0 | 10 | 115 | 115.00 | 0 | 0 | 3.17 | 5.38 |
| Other Academic | 0 | 1 | 0 | 0 | 10 | 88 | 88.00 | 0 | 0 | 4.13 | 11.67 |
| Philosophy | 0 | 1 | 0 | 0 | 10 | 65 | 65.00 | 1 | 1 | 3.07 | 9.25 |
| Science - Physics | 0 | 1 | 0 | 0 | 10 | 96 | 96.00 | 0 | 0 | 0.55 | 3.50 |
| Science - Other | 0 | 1 | 0 | 0 | 10 | 106 | 106.00 | 0 | 0 | 2.11 | 11.88 |
| Fine Arts - Classical Music | 0 | 1 | 0 | 0 | 10 | 134 | 134.00 | 0 | 0 | 2.29 | 2.50 |
| Religion | 0 | 0 | 1 | 0 | -5 | 0.00 | 0 | 0 | 0.00 | 0.00 | |
| Fine Arts - Other | 0 | 0 | 1 | 0 | -5 | 0.00 | 0 | 0 | 1.42 | 10.00 | |
| Science - Chemistry | 0 | 0 | 2 | 0 | -10 | 0.00 | 0 | 0 | 0.00 | 0.00 |